| 000 | 01967nam a22002177a 4500 | ||
|---|---|---|---|
| 008 | 250625b |||||||| |||| 00| 0 eng d | ||
| 020 | _a9781951949549 | ||
| 040 | _ctbs | ||
| 041 |
_aeng _afre |
||
| 110 |
_aLingo Mastery (Firm) _925590 |
||
| 245 |
_aFrench made easy level 1 _b: an easy step-by-step approach to learn French for beginners. |
||
| 260 |
_a[Place of publication not identified], _bLingo Mastery, _c2022. |
||
| 300 |
_a197 pages : _billustrations (black and white) ; _c28 cm. |
||
| 520 | _aLearning to read, speak and write French like a native? Your journey begins here. Oh là là! C'est une grande nouvelle! Up to 300 million people across the globe speak French, so it makes a lot of sense that you would want to learn it. After all, the French language is not just a Romance language but also the language of romance! Spoken as an official language in 29 countries, its reach spreads beyond those nations, as communities in every continent have helped spread the language worldwide. Think French Guiana, Dominica... or French Polynesia, in the Pacific Ocean... it's everywhere! And as for why - travel, love, friendship, business - these are just a few of many reasons to learn this magnificent, elegant and very expressive language. But how in the world do you conquer the challenge of diving into French vocabulary and grammar? Well, sometimes all you need is the right resource; the ideal learning material that will guide you from French hopeful to a complete "spécialiste du français"! What we're talking about is French Made Easy Level 1 - An Easy Step-By-Step Approach To Learn French for Beginners (Textbook + Workbook Included)! | ||
| 650 | 0 |
_aFrench language _xStudy and teaching _xForeign speakers _924325 |
|
| 650 | 0 |
_aFrench language _xGrammar _925347 |
|
| 650 | 0 |
_aFrench language _xTextbooks for foreign speakers _xEnglish _94891 |
|
| 650 | 0 |
_aFrench language _xVocabulary _925355 |
|
| 655 | 0 |
_aSelf-instruction _924883 |
|
| 942 | _2lcc | ||
| 999 |
_c4800 _d4800 |
||